Normal view
MARC view
- MANUFACTURING- INDUSTRIES MANAGEMENT, MANUFACTRUING PROCESSES, PRODUCTION MANAGEMENT, MANUFACTURES- QUALITY CONTROL
Entry Topical Term
001 - CONTROL NUMBER
- control field: 63437
003 - CONTROL NUMBER IDENTIFIER
- control field: NUST
005 - DATE AND TIME OF LATEST TRANSACTION
- control field: 20210628203123.0
008 - FIXED-LENGTH DATA ELEMENTS
- fixed length control field: 210628|| aca||aabn | a|a d
040 ## - CATALOGING SOURCE
- Original cataloging agency: NUST
- Transcribing agency: NUST
150 ## - HEADING--TOPICAL TERM
- Topical term or geographic name entry element: MANUFACTURING- INDUSTRIES MANAGEMENT, MANUFACTRUING PROCESSES, PRODUCTION MANAGEMENT, MANUFACTURES- QUALITY CONTROL
670 ## - SOURCE DATA FOUND
- Source citation: Work cat.: (NUST): Moore, Ron 63436, Making common sense common practice, models for manufacturing excellence, 1999
